[Event "CAN-op U2400"]
[Site "Montreal CAN"]
[Date "2014.07.19"]
[Round "1"]
[White "Libersan, Thierry"]
[Black "Cohen, Lawrence"]
[Result "1-0"]
[WhiteElo "2090"]
[BlackElo "1922"]
[PlyCount "79"]
[EventDate "2014.07.19"]
[EventType "swiss"]
[EventRounds "9"]
[EventCountry "CAN"]

1. e4 c5 2. Nf3 e6 3. d4 cxd4 4. Nxd4 Nc6 5. Nc3 Qc7 6. g3 a6 7. Bg2 Nge7 8.
Nde2 b5 9. a3 Bb7 10. O-O Na5 11. b3 Rd8 12. Bf4 e5 13. Be3 f5 14. f4 d5 15.
exd5 e4 16. Qe1 Nxd5 17. Nxd5 Bxd5 18. Qf2 Nb7 19. b4 Qf7 20. Rfd1 Be7 21. Bb6
Rd7 22. Rd2 O-O 23. Rad1 Bf6 24. Nd4 g6 25. Bf1 Rc8 26. a4 Rd6 27. axb5 Rc3 28.
Nc6 axb5 29. Ne5 Qe6 30. Bd4 e3 31. Bxe3 Rd8 32. Bd4 Bxe5 33. Bxe5 Rcc8 34.
Bxb5 Be4 35. Rxd8+ Rxd8 36. Rxd8+ Nxd8 37. Qa7 Bb7 38. Qd4 Nf7 39. Bc4 Qc6 40.
Qd8+ 1-0

[Event "CAN-op U2400"]
[Site "Montreal CAN"]
[Date "2014.07.19"]
[Round "1"]
[White "Luksza, Arkadiusz"]
[Black "Shi, Diwen"]
[Result "1/2-1/2"]
[WhiteElo "2107"]
[BlackElo "1934"]
[PlyCount "204"]
[EventDate "2014.07.19"]
[EventType "swiss"]
[EventRounds "9"]
[EventCountry "CAN"]

1. d4 Nf6 2. c4 Nc6 3. Nc3 e5 4. dxe5 Nxe5 5. e3 Bb4 6. Qb3 Qe7 7. Be2 Ne4 8.
Nf3 Nxc3 9. bxc3 Bc5 10. Nd4 d6 11. O-O O-O 12. h3 a5 13. a4 Ra6 14. Qc2 Re8
15. Rb1 Qf6 16. f4 Nc6 17. Bd3 h6 18. Bd2 Rb6 19. Qd1 Nxd4 20. cxd4 Bxd4 21.
Rf3 Bc5 22. Kh1 Bf5 23. Bxa5 Rxb1 24. Qxb1 Bxd3 25. Qxd3 b6 26. Bc3 Qe6 27. Rg3
f6 28. Qg6 Qf7 29. Qxf6 Qxf6 30. Bxf6 Bxe3 31. Rxg7+ Kf8 32. Rxc7 Bxf4 33. g4
Re2 34. h4 Re3 35. Rb7 Rb3 36. g5 Kg8 37. gxh6 Bxh6 38. Kg2 Rb4 39. h5 Rxc4 40.
Rxb6 Rg4+ 41. Kh3 Rxa4 42. Rxd6 Re4 43. Bb2 Bf8 44. Rg6+ Kh7 45. Rf6 Be7 46.
Rf5 Kg8 47. Kg3 Rb4 48. Be5 Re4 49. Kf3 Ra4 50. Bf4 Bf8 51. Rg5+ Kh7 52. Rd5
Rb4 53. Rd7+ Kg8 54. Kg3 Re4 55. h6 Re6 56. h7+ Kh8 57. Rd8 Kxh7 58. Rxf8 Kg7
59. Ra8 Kf6 60. Kg4 Rc6 61. Re8 Rc4 62. Rh8 Ke6 63. Rh5 Ra4 64. Rc5 Ra1 65.
Re5+ Kf6 66. Rd5 Rg1+ 67. Bg3 Ke7 68. Rd3 Ke6 69. Rd6+ Ke7 70. Ra6 Kd7 71. Kf3
Rc1 72. Ke4 Rc6 73. Ra4 Ke6 74. Be5 Rb6 75. Ra5 Rb4+ 76. Bd4 Rb1 77. Ra6+ Kd7
78. Kd5 Rd1 79. Ra7+ Kd8 80. Kc5 Ke8 81. Bf6 Rd7 82. Ra6 Kf7 83. Be5 Rd1 84.
Bd4 Ke7 85. Kd5 Kd7 86. Ra7+ Kd8 87. Rh7 Rd2 88. Ke5 Kc8 89. Kd5 Kd8 90. Ke4
Rd1 91. Bf6+ Kc8 92. Ke5 Rd7 93. Rh6 Kb7 94. Ke6 Rd1 95. Rh2 Kc6 96. Rc2+ Kb5
97. Be7 Rd3 98. Bd6 Rd1 99. Kd7 Rd4 100. Rc5+ Ka4 101. Kc6 Kb3 102. Rb5+ Kc2
1/2-1/2

[Event "CAN-op U2400"]
[Site "Montreal CAN"]
[Date "2014.07.19"]
[Round "1"]
[White "Luo, Zhao Yang"]
[Black "Fillion, Steve"]
[Result "0-1"]
[WhiteElo "1959"]
[BlackElo "2140"]
[PlyCount "78"]
[EventDate "2014.07.19"]
[EventType "swiss"]
[EventRounds "9"]
[EventCountry "CAN"]

1. d4 d5 2. Nf3 Nf6 3. c4 e6 4. e3 c5 5. Be2 Nc6 6. O-O Bd6 7. b3 O-O 8. Bb2
cxd4 9. exd4 b6 10. Nc3 dxc4 11. Bxc4 Na5 12. Ne5 Nxc4 13. bxc4 Bb7 14. Qe2 a6
15. a4 Qc7 16. Rfd1 Rac8 17. Ba3 Bxa3 18. Rxa3 Rfd8 19. Rb3 Rd6 20. Qb2 Ba8 21.
Ne2 Nd7 22. f4 Nc5 23. Rh3 f6 24. Ng4 Ne4 25. Ne3 Bc6 26. Qb3 Qd7 27. Ra1 f5
28. a5 b5 29. Qb4 bxc4 30. Rc1 Bb5 31. Rc2 c3 32. Nxc3 Rxd4 33. Qb2 Bd3 34.
Nxe4 Bxc2 35. Ng5 h6 36. Nxe6 Rd1+ 37. Nxd1 Qxd1+ 38. Kf2 Qd2+ 39. Kg3 Qe3+ 0-1

[Event "CAN-op U2400"]
[Site "Montreal CAN"]
[Date "2014.07.19"]
[Round "1"]
[White "MacKinnon, Keith"]
[Black "Jacquet, Stephane"]
[Result "1-0"]
[WhiteElo "2165"]
[BlackElo "1992"]
[PlyCount "69"]
[EventDate "2014.07.19"]
[EventType "swiss"]
[EventRounds "9"]
[EventCountry "CAN"]

1. e4 d6 2. d4 Nf6 3. Nc3 g6 4. Nf3 Bg7 5. Be2 O-O 6. O-O Bg4 7. Be3 Nc6 8. h3
Bxf3 9. Bxf3 e5 10. d5 Ne7 11. Qd2 Nd7 12. Rfe1 f5 13. Bh6 f4 14. Bxg7 Kxg7 15.
a4 a6 16. Ra3 b6 17. Na2 h5 18. a5 b5 19. Nb4 Ng8 20. c4 bxc4 21. Rc3 Nc5 22.
Rxc4 Rf7 23. Nc6 Qg5 24. Qc3 Re8 25. Rc1 Nf6 26. b4 Ncd7 27. Na7 Qh4 28. Rxc7
g5 29. Nc8 g4 30. Nxd6 Kg6 31. Nf5 Qg5 32. h4 Nxd5 33. Qc6+ Qf6 34. Qxd5 gxf3
35. R1c6 1-0

[Event "CAN-op U2400"]
[Site "Montreal CAN"]
[Date "2014.07.19"]
[Round "1"]
[White "Nikulich, Oleksandr"]
[Black "Chabot, Roland"]
[Result "0-1"]
[WhiteElo "2008"]
[BlackElo "2198"]
[PlyCount "84"]
[EventDate "2014.07.19"]
[EventType "swiss"]
[EventRounds "9"]
[EventCountry "CAN"]

1. e4 d6 2. d4 Nf6 3. Nc3 e5 4. dxe5 dxe5 5. Qxd8+ Kxd8 6. Bc4 Ke8 7. Bg5 Nbd7
8. Nb5 Bd6 9. Nxd6+ cxd6 10. f3 Ke7 11. O-O-O Nb6 12. Bb3 Be6 13. Ne2 Rhd8 14.
Nc3 a6 15. Rd3 h6 16. Bh4 g5 17. Bf2 Nc4 18. Rhd1 Rac8 19. Nd5+ Nxd5 20. exd5
Bf5 21. Rc3 Na5 22. Bb6 Nxb3+ 23. axb3 Re8 24. Rxc8 Rxc8 25. c4 Kd7 26. Kd2 Bg6
27. Kc3 Re8 28. Re1 f5 29. Bf2 f4 30. Bb6 h5 31. h3 e4 32. fxe4 Rxe4 33. Rf1 h4
34. Bd4 Re2 35. Rf2 Rxf2 36. Bxf2 Be4 37. Bd4 Ke7 38. c5 dxc5 39. Bxc5+ Kf6 40.
d6 Ke6 41. d7 Kxd7 42. Bd4 Ke6 0-1

[Event "CAN-op U2400"]
[Site "Montreal CAN"]
[Date "2014.07.19"]
[Round "1"]
[White "Noritsyn, Sergey"]
[Black "Boudreau, Daniel"]
[Result "0-1"]
[WhiteElo "1821"]
[BlackElo "2066"]
[PlyCount "80"]
[EventDate "2014.07.19"]
[EventType "swiss"]
[EventRounds "9"]
[EventCountry "CAN"]

1. e4 c5 2. Nf3 e6 3. c3 Nf6 4. e5 Nd5 5. d4 cxd4 6. cxd4 d6 7. Nc3 Nxc3 8.
bxc3 Qc7 9. Qc2 Nc6 10. Bb5 Bd7 11. exd6 Bxd6 12. O-O O-O 13. a3 Rac8 14. Bd3
f5 15. Re1 Kh8 16. Bb2 e5 17. d5 e4 18. dxc6 Bxc6 19. Ng5 exd3 20. Qxd3 Qd8 21.
g3 Qxg5 22. Qxd6 Qg4 23. Qd3 Rcd8 24. Qe2 Bf3 25. h3 Qh5 26. Qf1 f4 27. g4 Qg5
28. c4 Rd2 29. Rab1 Rfd8 30. Bc3 Rc2 31. Ba1 h6 32. Re5 Qg6 33. Re7 Rg8 34.
Rbe1 Rd2 35. R1e6 Qh7 36. Rxg7 Rxg7 37. Re8+ Qg8 38. Rxg8+ Kxg8 39. Bxg7 Kxg7
40. Qa1+ Kg8 0-1

[Event "CAN-op U2400"]
[Site "Montreal CAN"]
[Date "2014.07.19"]
[Round "1"]
[White "Pepin, Christian"]
[Black "Oussedik, Elias"]
[Result "0-1"]
[WhiteElo "1929"]
[BlackElo "2100"]
[PlyCount "92"]
[EventDate "2014.07.19"]
[EventType "swiss"]
[EventRounds "9"]
[EventCountry "CAN"]

1. e4 Nf6 2. e5 Nd5 3. d4 d6 4. c4 Nb6 5. exd6 cxd6 6. Nf3 g6 7. Be2 Bg7 8. Be3
Bg4 9. Qd2 O-O 10. Nc3 Bxf3 11. gxf3 Nc6 12. b3 e5 13. d5 Nd4 14. Nb5 Nf5 15.
h4 h5 16. Rd1 Bf6 17. Bg5 Nxh4 18. Bxf6 Qxf6 19. Nxd6 Nxf3+ 20. Bxf3 Qxf3 21.
Rg1 Kh7 22. Qg5 Rab8 23. Rd2 Nc8 24. Nb5 a6 25. Nc7 Qe4+ 26. Kf1 Nd6 27. Qf6
Nxc4 28. Re2 Qb1+ 29. Kg2 Qd3 30. Kh2 Nd2 31. Rxd2 Qxd2 32. Ne6 Qh6 33. Nxf8+
Qxf8 34. d6 Qe8 35. Rd1 Rd8 36. Rd5 Rd7 37. Rxe5 Qh8 38. Qf4 Qd8 39. Qe4 Rxd6
40. Rxh5+ Kg7 41. Rh3 Rd5 42. Rf3 Qd7 43. Qe3 Rh5+ 44. Kg2 Qg4+ 45. Kf1 Rh1+
46. Ke2 Rh3 0-1

[Event "CAN-op U2400"]
[Site "Montreal CAN"]
[Date "2014.07.19"]
[Round "1"]
[White "Poulin, Mathieu"]
[Black "Berube, Antoine"]
[Result "1/2-1/2"]
[WhiteElo "1992"]
[BlackElo "2165"]
[PlyCount "108"]
[EventDate "2014.07.19"]
[EventType "swiss"]
[EventRounds "9"]
[EventCountry "CAN"]

1. d4 d5 2. c4 c6 3. cxd5 cxd5 4. Nc3 Nf6 5. Bf4 Nc6 6. e3 Qb6 7. Qc2 Bf5 8.
Bd3 Nb4 9. Qa4+ Bd7 10. Qd1 Nxd3+ 11. Qxd3 e6 12. Nge2 Be7 13. h3 O-O 14. O-O
Rac8 15. Rab1 a6 16. Rfc1 h6 17. Qd1 Rc4 18. Be5 Ne8 19. Rc2 Nd6 20. Nc1 f6 21.
Bh2 Rfc8 22. Nd3 Ne4 23. Nxe4 Rxc2 24. Nc3 R2xc3 25. bxc3 Qa7 26. Qb3 b5 27.
Nf4 Qb6 28. a4 Qc6 29. axb5 axb5 30. Ne2 Ra8 31. Bg3 Ra3 32. Qb2 Qc4 33. Nf4
Rxc3 34. Ra1 Rb3 35. Qd2 Bb4 36. Qd1 Ra3 37. Rc1 Rc3 38. Ra1 Ra3 39. Rc1 Rc3
40. Ra1 Qc6 41. Qb1 Ra3 42. Kh2 Rxa1 43. Qxa1 Bc3 44. Qa7 b4 45. Nd3 Bc8 46.
Nc5 Kh7 47. Qe7 e5 48. dxe5 Bxe5 49. Bxe5 fxe5 50. Nd3 b3 51. Qxe5 Qc4 52. Nb2
Qc2 53. Kg3 Bb7 54. f3 Qg6+ 1/2-1/2

[Event "CAN-op U2400"]
[Site "Montreal CAN"]
[Date "2014.07.19"]
[Round "1"]
[White "Reeve, Jeff"]
[Black "Lopez Linares, Lizandro"]
[Result "1-0"]
[WhiteElo "2245"]
[BlackElo "2025"]
[PlyCount "89"]
[EventDate "2014.07.19"]
[EventType "swiss"]
[EventRounds "9"]
[EventCountry "CAN"]

1. e4 c6 2. d4 d5 3. Nc3 dxe4 4. Nxe4 Bf5 5. Ng3 Bg6 6. Nf3 Nd7 7. h4 h6 8. h5
Bh7 9. Bd3 Bxd3 10. Qxd3 Qc7 11. Bd2 Ngf6 12. O-O-O e6 13. Ne4 O-O-O 14. g3 Nc5
15. Nxc5 Bxc5 16. Qe2 Bxd4 17. Bf4 e5 18. Bxe5 Bxe5 19. Nxe5 Rhe8 20. f4 Qe7
21. Qe3 Ng4 22. Qxa7 Rxd1+ 23. Rxd1 Nxe5 24. Qa8+ Kc7 25. Qa5+ Kc8 26. fxe5
Qg5+ 27. Kb1 Rxe5 28. Qa8+ Kc7 29. Qf8 Qf6 30. a4 Rxh5 31. Qe8 Rd5 32. Re1 Rd7
33. a5 Qg5 34. a6 bxa6 35. Qa8 Qb5 36. Qa7+ Qb7 37. Qc5 f6 38. Re8 Qb5 39. Qa7+
Qb7 40. Qc5 h5 41. Qa5+ Kd6 42. Qd2+ Kc5 43. Qe3+ Kb5 44. c4+ Kb4 45. Re4 1-0

[Event "CAN-op U2400"]
[Site "Montreal CAN"]
[Date "2014.07.19"]
[Round "1"]
[White "Robidas, Francois"]
[Black "Babb, Jeff"]
[Result "0-1"]
[WhiteElo "1935"]
[BlackElo "2111"]
[PlyCount "54"]
[EventDate "2014.07.19"]
[EventType "swiss"]
[EventRounds "9"]
[EventCountry "CAN"]

1. e4 e5 2. Bc4 Nf6 3. d3 Bc5 4. Nc3 O-O 5. Bg5 h6 6. Bh4 c6 7. Qf3 g5 8. Bg3
d5 9. Bxe5 Nbd7 10. Bxf6 Nxf6 11. Bb3 Bg4 12. Qg3 Bd6 13. f4 Bxf4 14. Qf2 dxe4
15. dxe4 Nxe4 16. Nxe4 Qe7 17. Kf1 Qxe4 18. Re1 Qg6 19. Ne2 Bd2 20. Rd1 Ba5 21.
h3 Bb6 22. Qg3 Qf6+ 23. Ke1 Bxe2 24. Rd6 Qe7 25. h4 Bf3+ 26. Be6 Bc7 27. hxg5
Bxd6 0-1

[Event "CAN-op U2400"]
[Site "Montreal CAN"]
[Date "2014.07.19"]
[Round "1"]
[White "Simard, Francois"]
[Black "Singher, Jean-Pierre"]
[Result "0-1"]
[WhiteElo "1750"]
[BlackElo "2060"]
[PlyCount "80"]
[EventDate "2014.07.19"]
[EventType "swiss"]
[EventRounds "9"]
[EventCountry "CAN"]

1. d4 Nf6 2. c4 e6 3. Nc3 d5 4. Bg5 Nbd7 5. Nf3 Be7 6. e3 O-O 7. Bd3 c5 8. O-O
a6 9. Rc1 dxc4 10. Bxc4 b5 11. Bd3 Bb7 12. dxc5 Nxc5 13. Be2 Qb6 14. Qc2 Rac8
15. Ne5 Nce4 16. Bxf6 Nxf6 17. Qb3 Qc5 18. Bf3 Qxe5 19. Bxb7 Ng4 20. g3 Qh5 21.
Kg2 Qxh2+ 22. Kf3 Rc4 23. Ke2 Bc5 24. Rc2 Bxe3 25. Nd1 Qh5 26. Rh1 Qf5 27. Rxc4
bxc4 28. Qxc4 Ne5 29. Qxa6 Qc2+ 30. Kxe3 Rd8 31. Bd5 exd5 32. f3 d4+ 33. Kf4
Ng6+ 34. Kg4 Ne5+ 35. Kf4 g6 36. g4 Qg2 37. Qf1 Nd3+ 38. Ke4 Qc2 39. Qxd3 Re8+
40. Kd5 Rd8+ 0-1

[Event "CAN-op U2400"]
[Site "Montreal CAN"]
[Date "2014.07.19"]
[Round "1"]
[White "Song, Sam"]
[Black "Haddadi, Farshad"]
[Result "1-0"]
[WhiteElo "2030"]
[BlackElo "2000"]
[PlyCount "23"]
[EventDate "2014.07.19"]
[EventType "swiss"]
[EventRounds "9"]
[EventCountry "CAN"]

1. e4 e5 2. Nf3 Nc6 3. Nc3 Nf6 4. Bc4 Bc5 5. d3 d6 6. Bg5 O-O 7. Nd5 Ne7 8.
Nxf6+ gxf6 9. Bxf6 Bg4 10. Qd2 Qd7 11. Qg5+ Ng6 12. Qh6 1-0

[Event "CAN-op U2400"]
[Site "Montreal CAN"]
[Date "2014.07.19"]
[Round "1"]
[White "Voskanyan, Vahagn"]
[Black "Ang, Alan"]
[Result "1-0"]
[WhiteElo "2225"]
[BlackElo "2017"]
[PlyCount "75"]
[EventDate "2014.07.19"]
[EventType "swiss"]
[EventRounds "9"]
[EventCountry "CAN"]

1. Nf3 Nf6 2. c4 g6 3. d4 Bg7 4. g3 d6 5. Bg2 O-O 6. O-O c6 7. Nc3 a6 8. h3 b5
9. b3 Qc7 10. Be3 Nbd7 11. Rc1 b4 12. Na4 Nb6 13. Nxb6 Qxb6 14. Ne1 Bd7 15. Nd3
Rac8 16. c5 Qb5 17. cxd6 exd6 18. Bf4 Nd5 19. Bxd6 Nc3 20. Qd2 Rfe8 21. Rfe1
Bf5 22. Ne5 Red8 23. Nc4 c5 24. e4 Be6 25. d5 Bd7 26. a4 Qb7 27. Qf4 Be8 28.
Be5 Qe7 29. Bxg7 Kxg7 30. h4 Bd7 31. d6 Qe6 32. e5 Bc6 33. Bxc6 Rxc6 34. Qf3
Rcc8 35. Re3 Rb8 36. Rce1 Rd7 37. Qc6 Rbd8 38. Qxc5 1-0

[Event "CAN-op U2400"]
[Site "Montreal CAN"]
[Date "2014.07.19"]
[Round "1"]
[White "Weber, Meikel"]
[Black "Klenburg, Mikhail"]
[Result "0-1"]
[WhiteElo "2042"]
[BlackElo "2368"]
[PlyCount "86"]
[EventDate "2014.07.19"]
[EventType "swiss"]
[EventRounds "9"]
[EventCountry "CAN"]

1. e4 d6 2. d4 Nf6 3. Nc3 g6 4. Nf3 Bg7 5. Be3 O-O 6. Qd2 a6 7. Bh6 b5 8. Bd3
Nc6 9. h4 e5 10. h5 Nxh5 11. Bxg7 Kxg7 12. d5 Ne7 13. Ne2 Ng8 14. O-O-O Bd7 15.
Rdg1 Qf6 16. Kb1 Bg4 17. Nh2 Bxe2 18. Qxe2 Nf4 19. Qd2 Rfc8 20. Bf1 c5 21. g3
Nh5 22. Bh3 Rc7 23. Bg4 c4 24. Qe2 b4 25. Bxh5 gxh5 26. Qxh5 Qg6 27. Qe2 Nf6
28. f3 b3 29. Ng4 Nxg4 30. fxg4 bxc2+ 31. Ka1 Rb8 32. Rc1 c3 33. b3 Rb4 34.
Rhe1 a5 35. Rxc2 a4 36. bxa4 Rxa4 37. Qf3 Rcc4 38. Rxc3 Rxe4 39. Rb1 Rxg4 40.
Rc7 Rgc4 41. Rbb7 Rxa2+ 42. Kxa2 Qc2+ 43. Rb2 Ra4+ 0-1

[Event "CAN-op U2400"]
[Site "Montreal CAN"]
[Date "2014.07.19"]
[Round "1"]
[White "Yagiz, Bora"]
[Black "Robichaud, Louis"]
[Result "1-0"]
[WhiteElo "1911"]
[BlackElo "2075"]
[PlyCount "45"]
[EventDate "2014.07.19"]
[EventType "swiss"]
[EventRounds "9"]
[EventCountry "CAN"]

1. e4 e5 2. d4 exd4 3. Qxd4 Nc6 4. Qe3 Nf6 5. Nc3 Bb4 6. Bd2 O-O 7. O-O-O Re8
8. Qg3 Nxe4 9. Nxe4 Rxe4 10. c3 Be7 11. Nf3 Bf6 12. Bd3 Re8 13. Rhe1 Rxe1 14.
Rxe1 d6 15. Ng5 g6 16. Bc4 d5 17. Bxd5 Qxd5 18. Re8+ Kg7 19. Ne4 Nd4 20. Nxf6
Qf5 21. Bh6+ Kxh6 22. Qh4+ Kg7 23. Rg8# 1-0

[Event "CAN-op U2400"]
[Site "Montreal CAN"]
[Date "2014.07.20"]
[Round "2"]
[White "Anastasovski, Nikola"]
[Black "MacKinnon, Keith"]
[Result "0-1"]
[WhiteElo "2059"]
[BlackElo "2165"]
[PlyCount "120"]
[EventDate "2014.07.19"]
[EventType "swiss"]
[EventRounds "9"]
[EventCountry "CAN"]

1. c4 e6 2. Nc3 c5 3. e4 Nc6 4. g3 Nf6 5. Bg2 Be7 6. Nge2 O-O 7. d3 a6 8. h3
Rb8 9. Bf4 d6 10. Qd2 b5 11. b3 Qd7 12. O-O Bd8 13. Be3 Ba5 14. f4 Bb7 15. Qb2
Ba8 16. Rad1 Qa7 17. Qc1 Nd4 18. Nxd4 cxd4 19. Bf2 Bb6 20. Ne2 Rbc8 21. Qb2 e5
22. g4 bxc4 23. bxc4 Nd7 24. f5 Bd8 25. h4 Qb6 26. Qc1 Qa5 27. Rd2 Rb8 28. g5
Rb1 29. Qc2 Rxf1+ 30. Bxf1 Bc6 31. Ng3 Ba4 32. Qc1 Qc3 33. Ne2 Qxc1 34. Nxc1
Ba5 35. Rb2 Rb8 36. Rxb8+ Nxb8 37. Be2 Nd7 38. Kf1 Bd2 39. Nb3 Bxb3 40. axb3
Nc5 41. Be1 Bxe1 42. Kxe1 Nxb3 43. Kd1 g6 44. Kc2 Nc5 45. Bg4 a5 46. f6 h6 47.
Bh3 hxg5 48. hxg5 Kf8 49. Bg4 Ke8 50. Bh3 Kd8 51. Bg4 Kc7 52. Bh3 a4 53. Bg4 a3
54. Bh3 Kb6 55. Bg4 Ka5 56. Bd1 Na4 57. Bh5 a2 58. Bxg6 a1=Q 59. Bxf7 Qb2+ 60.
Kd1 Nc3+ 0-1

[Event "CAN-op U2400"]
[Site "Montreal CAN"]
[Date "2014.07.20"]
[Round "2"]
[White "Ang, Alan"]
[Black "Noritsyn, Sergey"]
[Result "1-0"]
[WhiteElo "2017"]
[BlackElo "1821"]
[PlyCount "71"]
[EventDate "2014.07.19"]
[EventType "swiss"]
[EventRounds "9"]
[EventCountry "CAN"]

1. e4 c5 2. Nf3 d6 3. d4 cxd4 4. Nxd4 Nf6 5. Nc3 a6 6. Bg5 Nbd7 7. f4 h6 8. Bh4
b5 9. a3 Bb7 10. Qf3 Qa5 11. Nb3 Qc7 12. Bd3 g6 13. O-O Bg7 14. Qe2 O-O 15.
Rae1 Nc5 16. Nxc5 dxc5 17. e5 Nd5 18. Nxd5 Bxd5 19. f5 c4 20. Be4 Qxe5 21. Bxd5
Qxd5 22. Bxe7 Bd4+ 23. Kh1 Rfe8 24. Qd2 gxf5 25. Bf6 Red8 26. Bxd8 Rxd8 27. Rd1
Qc6 28. Qf4 Qe4 29. Qxh6 Re8 30. Qg5+ Bg7 31. c3 Qe2 32. Qxf5 Rf8 33. Rd7 f6
34. Rfd1 Qe8 35. Qg4 Rf7 36. Rd8 1-0

[Event "CAN-op U2400"]
[Site "Montreal CAN"]
[Date "2014.07.20"]
[Round "2"]
[White "Babb, Jeff"]
[Black "Tonakanian, Stephan"]
[Result "1-0"]
[WhiteElo "2111"]
[BlackElo "1922"]
[PlyCount "103"]
[EventDate "2014.07.19"]
[EventType "swiss"]
[EventRounds "9"]
[EventCountry "CAN"]

1. f4 d5 2. e3 Nf6 3. Nf3 c5 4. b3 g6 5. Bb2 Bg7 6. Be2 Nc6 7. O-O O-O 8. Ne5
Qc7 9. Nxc6 Qxc6 10. Bf3 e6 11. c4 b5 12. cxb5 Qxb5 13. Nc3 Qa5 14. Qc2 Ba6 15.
Rfc1 Rac8 16. Na4 c4 17. Bc3 cxb3 18. axb3 Qb5 19. Qb2 Ne8 20. Qa3 Nf6 21. Bd4
Qb8 22. Nc5 Bb5 23. Qxa7 Rfd8 24. Qxb8 Rxb8 25. Ra7 Nd7 26. Bxg7 Kxg7 27. d4 h6
28. Kf2 Kf6 29. Bd1 Rb6 30. Be2 Nb8 31. Na4 Ra6 32. Rxa6 Bxa6 33. Nc5 Bxe2 34.
Kxe2 Rd6 35. Ra1 Rb6 36. Ra7 Kg7 37. Kd2 g5 38. g3 Kg6 39. Kc3 Rb5 40. Nd3 Nc6
41. Rc7 Rb6 42. b4 f6 43. b5 Na5 44. Kb4 Nc4 45. Rc6 Rxc6 46. bxc6 Kf7 47. c7
Nd6 48. Kc5 Ke7 49. Kc6 gxf4 50. Nxf4 Nc8 51. h3 Nd6 52. Ng6+ 1-0

[Event "CAN-op U2400"]
[Site "Montreal CAN"]
[Date "2014.07.20"]
[Round "2"]
[White "Bouchard, Jean-Marc"]
[Black "Weber, Meikel"]
[Result "1/2-1/2"]
[WhiteElo "1925"]
[BlackElo "2042"]
[PlyCount "140"]
[EventDate "2014.07.19"]
[EventType "swiss"]
[EventRounds "9"]
[EventCountry "CAN"]

1. Nf3 d5 2. g3 e6 3. Bg2 Nf6 4. d4 c5 5. O-O Nc6 6. b3 Be7 7. Bb2 O-O 8. dxc5
Bxc5 9. Nbd2 e5 10. Nxe5 Re8 11. Nd3 Bb6 12. Bxf6 Qxf6 13. Bxd5 h5 14. Ne4 Qd4
15. Nf4 Rxe4 16. Bxe4 Qxe4 17. Qd3 Qe7 18. Nd5 Qc5 19. Nxb6 Qxb6 20. Kg2 Nb4
21. Qd2 Bf5 22. c3 Nc6 23. Rad1 Re8 24. Rfe1 Ne5 25. f3 Qa6 26. c4 Qf6 27. Qd6
Qxd6 28. Rxd6 Nc6 29. e4 Be6 30. Red1 Kf8 31. h3 Ke7 32. f4 g6 33. R6d2 Rd8 34.
Rxd8 Nxd8 35. Rf1 Nc6 36. f5 Bd7 37. g4 hxg4 38. hxg4 Kf6 39. fxg6+ Kxg6 40.
Kg3 Ne5 41. Kf4 Nd3+ 42. Ke3 Ne5 43. Kd4 Nxg4 44. e5 Nh6 45. Rg1+ Kf5 46. Kd5
Bc6+ 47. Kd6 Ke4 48. Re1+ Kf4 49. Ke7 Be4 50. e6 fxe6 51. Kxe6 Ng4 52. Kd6 Ne3
53. Kc7 Bc6 54. a4 Nc2 55. Re6 Nb4 56. Kb8 Kf5 57. Re1 a6 58. Ka7 Nd3 59. Re3
Nc5 60. a5 Kf4 61. Rh3 Ke5 62. b4 Ne4 63. b5 axb5 64. cxb5 Bd5 65. Rh5+ Kd6 66.
Rxd5+ Kxd5 67. Kxb7 Kc5 68. b6 Kb5 69. Kc7 Nc5 70. Kd6 Nb7+ 1/2-1/2

[Event "CAN-op U2400"]
[Site "Montreal CAN"]
[Date "2014.07.20"]
[Round "2"]
[White "Chabot, Roland"]
[Black "De Barberis, Massimo"]
[Result "1-0"]
[WhiteElo "2198"]
[BlackElo "2070"]
[PlyCount "51"]
[EventDate "2014.07.19"]
[EventType "swiss"]
[EventRounds "9"]
[EventCountry "CAN"]

1. d4 Nf6 2. c4 e6 3. Nc3 c5 4. d5 exd5 5. cxd5 d6 6. e4 g6 7. Bd3 Bg7 8. h3
O-O 9. Nf3 a6 10. a4 Nbd7 11. O-O Nh5 12. Bg5 Bf6 13. Be3 Rb8 14. Nd2 Re8 15.
a5 Ng7 16. Nc4 Ne5 17. Nb6 Nd7 18. Nxd7 Bxd7 19. Qd2 Re7 20. Bf4 Be5 21. Bxe5
Rxe5 22. f4 Re8 23. f5 Bb5 24. Nxb5 axb5 25. f6 Nh5 26. Qf2 1-0

[Event "CAN-op U2400"]
[Site "Montreal CAN"]
[Date "2014.07.20"]
[Round "2"]
[White "Cloutier, Mathieu"]
[Black "Enkh-Amar, Galbadrakh"]
[Result "0-1"]
[WhiteElo "2040"]
[BlackElo "2140"]
[PlyCount "64"]
[EventDate "2014.07.19"]
[EventType "swiss"]
[EventRounds "9"]
[EventCountry "CAN"]

1. e4 c5 2. Nf3 d6 3. d4 cxd4 4. Nxd4 Nf6 5. Nc3 Nc6 6. Bg5 e6 7. Qd2 a6 8.
O-O-O Be7 9. f4 Bd7 10. Be2 h6 11. Bh4 b5 12. Bf3 b4 13. Nce2 Qa5 14. Kb1 Rc8
15. Nb3 Qc7 16. Bf2 a5 17. Nbd4 Nxd4 18. Nxd4 e5 19. fxe5 dxe5 20. Bg3 g6 21.
Ne2 O-O 22. c3 Kh7 23. h4 Rfd8 24. h5 g5 25. Nd4 bxc3 26. Qc2 Rb8 27. b3 a4 28.
Rd3 Qa5 29. Nf5 axb3 30. axb3 Ra8 31. Kc1 Ba3+ 32. Kd1 Bxf5 0-1

[Event "CAN-op U2400"]
[Site "Montreal CAN"]
[Date "2014.07.20"]
[Round "2"]
[White "Cohen, Lawrence"]
[Black "Nikulich, Oleksandr"]
[Result "1-0"]
[WhiteElo "1922"]
[BlackElo "2008"]
[PlyCount "81"]
[EventDate "2014.07.19"]
[EventType "swiss"]
[EventRounds "9"]
[EventCountry "CAN"]

1. c4 f5 2. g3 Nf6 3. Bg2 g6 4. Nc3 Bg7 5. Nf3 O-O 6. O-O d6 7. d4 Qe8 8. d5 e5
9. dxe6 Bxe6 10. Nd5 Nxd5 11. cxd5 Bf7 12. Ng5 Qe7 13. e4 h6 14. Nxf7 Qxf7 15.
exf5 Qxf5 16. Be3 Kh7 17. Rc1 Rf7 18. Rc4 b6 19. Rf4 Qd7 20. Rh4 Qe7 21. Qd2
Qf8 22. Qc2 Na6 23. Be4 Rf6 24. Bg5 Nc5 25. Bxf6 Qxf6 26. Rf4 Qg5 27. h4 Qh5
28. Bf3 Qe5 29. h5 Qg5 30. b4 Nd7 31. Qxc7 Ne5 32. hxg6+ Nxg6 33. Rg4 Qe7 34.
Qc6 Rf8 35. Be4 Rf6 36. Qc2 Qf7 37. Re1 h5 38. Rxg6 Rxg6 39. Bxg6+ Qxg6 40.
Qxg6+ Kxg6 41. Re6+ 1-0

[Event "CAN-op U2400"]
[Site "Montreal CAN"]
[Date "2014.07.20"]
[Round "2"]
[White "Currie, James"]
[Black "De Kerpel, Stijn"]
[Result "1-0"]
[WhiteElo "1987"]
[BlackElo "2183"]
[PlyCount "135"]
[EventDate "2014.07.19"]
[EventType "swiss"]
[EventRounds "9"]
[EventCountry "CAN"]

1. e4 d5 2. exd5 Qxd5 3. Qe2 Nf6 4. c4 Qd6 5. d4 Qxd4 6. Be3 Qe5 7. Nf3 Qh5 8.
Nc3 Bg4 9. Nb5 Na6 10. Bf4 e6 11. O-O-O Be7 12. h3 Bxf3 13. Qxf3 Qxf3 14. gxf3
O-O 15. Nxc7 Nxc7 16. Bxc7 Rac8 17. Bd6 Bxd6 18. Rxd6 Rc7 19. b3 Rfc8 20. Be2
Kf8 21. Rhd1 Ke7 22. R6d4 Rd7 23. Kb2 Rxd4 24. Rxd4 Rc5 25. f4 Rc7 26. Bf3 Nd7
27. b4 f6 28. Kb3 b6 29. Be4 g6 30. Bf3 h6 31. h4 h5 32. Rd1 Nb8 33. Re1 Kf7
34. Re3 Nd7 35. Re1 Nb8 36. Be4 f5 37. Bf3 Kf6 38. Rd1 Ke7 39. Rc1 Nd7 40. Ka4
a6 41. Kb3 e5 42. fxe5 Nxe5 43. Bd5 Nd3 44. Rc3 Nf4 45. Bf3 Kd6 46. Rc1 Ne6 47.
Kc3 Nf4 48. Re1 Nh3 49. Bd5 Nf4 50. Kd4 Rc8 51. a4 Rc7 52. Re8 Re7 53. c5+
bxc5+ 54. bxc5+ Kd7 55. Bc6+ Ke6 56. Ra8 Kf6 57. Rxa6 Ne6+ 58. Kc4 g5 59. hxg5+
Kxg5 60. Ra8 h4 61. Re8 Kf6 62. Rxe7 Kxe7 63. a5 Nc7 64. Bb7 Kd7 65. a6 Nxa6
66. Bxa6 Kc7 67. Kd4 h3 68. Bf1 1-0

[Event "CAN-op U2400"]
[Site "Montreal CAN"]
[Date "2014.07.20"]
[Round "2"]
[White "De Lagrave, Sylvain"]
[Black "Holliman, Robert"]
[Result "0-1"]
[WhiteElo "1911"]
[BlackElo "1976"]
[PlyCount "66"]
[EventDate "2014.07.19"]
[EventType "swiss"]
[EventRounds "9"]
[EventCountry "CAN"]

1. e4 e6 2. d4 d5 3. e5 c5 4. c3 Nc6 5. Nf3 Bd7 6. a3 c4 7. Nbd2 Na5 8. Be2 Ne7
9. h4 Qc7 10. Qc2 f6 11. exf6 gxf6 12. b3 cxb3 13. Nxb3 Ba4 14. Nfd2 Nec6 15.
Bh5+ Kd8 16. Bd1 Rg8 17. Qd3 Bxb3 18. Bxb3 Rxg2 19. Qf3 Qg7 20. Bb2 Rc8 21. c4
Nxb3 22. Nxb3 dxc4 23. Nc5 Bxc5 24. dxc5 e5 25. Qd5+ Ke8 26. Qe6+ Ne7 27. O-O-O
Qf7 28. Qd7+ Kf8 29. Qxb7 Rxf2 30. h5 c3 31. Bxc3 Qc4 32. Qb4 Rxc5 33. Rh3 Qa2
0-1